|
|
|
|
| LEADER |
01189nam a2200253 a 4500 |
| 001 |
1615624 |
| 008 |
091125s1996 nyua b 001 0 eng d |
| 010 |
|
|
|a \\\95021464
|
| 020 |
|
|
|a 0070065977 (acid-free paper)
|
| 040 |
|
|
|a DLC
|c DLC
|d DLC
|
| 082 |
0 |
0 |
|a 331
|2 20
|
| 100 |
1 |
|
|a Borjas, George J.
|
| 245 |
1 |
0 |
|a Labor economics /
|c George J. Borjas.
|
| 260 |
|
|
|a New York :
|b McGraw-Hill,
|c c1996.
|
| 300 |
|
|
|a xix, 488 p. :
|b ill. ;
|c 24 cm.
|
| 504 |
|
|
|a Includes bibliographical references and indexes.
|
| 541 |
1 |
|
|e 00007923
|
| 650 |
|
0 |
|a Labor economics.
|
| 650 |
|
0 |
|a Labor market
|z United States.
|
| 852 |
4 |
|
|a Ayesha Abed Library
|j General shelf
|
| 999 |
|
|
|c 5828
|d 5828
|
| 952 |
|
|
|0 0
|1 0
|2 ddc
|4 0
|6 331_BOR_199600000000000
|7 0
|9 5798
|a BRACUL
|b BRACUL
|c GEN
|d 2009-12-02
|g 0.00
|l 3
|o 331 BOR
|p 3010007923
|r 2013-12-06
|s 2013-11-22
|t 1
|w 2009-12-02
|y BK
|x No price found in the accession register.
|
| 952 |
|
|
|0 0
|1 0
|2 ddc
|4 0
|6 331_000000000000000_BOR
|7 0
|9 42974
|a SCL
|b SCL
|c GEN
|d 2003-06-02
|l 1
|m 1
|o 331 BOR
|p 3020003899
|r 2024-02-04
|s 2024-01-21
|t 2
|w 2014-07-07
|y BK
|
| 952 |
|
|
|0 0
|1 0
|2 ddc
|4 0
|6 331_000000000000000_BOR
|7 0
|9 52460
|a SCL
|b SCL
|c GEN
|d 2015-02-04
|l 1
|m 1
|o 331 BOR
|p 3020004102
|r 2025-09-15
|s 2025-09-01
|t 3
|w 2015-02-04
|y BK
|